Normal view MARC view

Entry Topical Term

Number of records used in: 1

001 - CONTROL NUMBER

  • control field: 12939

003 - CONTROL NUMBER IDENTIFIER

  • control field: OSt

005 - DATE AND TIME OF LATEST TRANSACTION

  • control field: 20240521211035.0

008 - FIXED-LENGTH DATA ELEMENTS

  • fixed length control field: 240521|| aca||aabn | a|a d

040 ## - CATALOGING SOURCE

  • Original cataloging agency: OSt
  • Transcribing agency: OSt

150 ## - HEADING--TOPICAL TERM

  • Topical term or geographic name entry element: Games in mathematical education

670 ## - SOURCE DATA FOUND

  • Source citation: Work cat.: (OSt)3464: Cruz, Jomari Mark S., author. 12935, Development of MathKiddo : a mobile application about basic Math for 4th, 5th and 6th grade pupil /, 2016.